[Event "Cantabria-ch"]
[Site "Cantabria"]
[Date "2009.04.04"]
[Round "4"]
[White "Valina Martinez, Ramiro"]
[Black "Fernandez Gonzalez, Antonio"]
[Result "1/2-1/2"]
[WhiteElo "1789"]
[BlackElo "2055"]
[PlyCount "118"]
[EventDate "2009.03.14"]
[EventType "swiss"]
[EventRounds "7"]
[EventCountry "ESP"]
[SourceTitle "EXT 2024"]
[Source "ChessBase"]
[SourceDate "2023.10.10"]
[SourceVersion "1"]
[SourceVersionDate "2023.10.10"]
[SourceQuality "1"]

1. c4 c5 2. Nf3 Nc6 3. Nc3 g6 4. g3 Bg7 5. Bg2 Nf6 6. 0-0 0-0 7. a3 e6 8. d4 cxd4 9. Nxd4 Nxd4 10. Qxd4 Nd5 11. Qd3 Nxc3 12. bxc3 Rb8 13. Bf4 e5 14. Be3 b6 15. Rfd1 Qc7 16. Qd6 Qxd6 17. Rxd6 Re8 18. c5 Bf8 19. Rd5 bxc5 20. Bxc5 Bxc5 21. Rxc5 Ba6 22. e3 Rb6 23. Rc7 Reb8 24. Bd5 Rd6 25. e4 Rc8 26. Rxa7 Rxc3 27. a4 Rc2 28. Ra2 Rxa2 29. Bxa2 Kf8 30. Bd5 Ke7 31. a5 Be2 32. f4 f6 33. Kf2 Bb5 34. Ra8 Ra6 35. fxe5 fxe5 36. Rxa6 Bxa6 37. h4 h6 38. Kf3 Kd6 39. Bf7 g5 40. hxg5 hxg5 41. Kg4 Ke7 42. Bd5 Kf6 43. Kf3 Ke7 44. Kg4 Kf6 45. Kf3 Kg6 46. g4 Kf6 47. Ke3 Ke7 48. Kd2 Kd6 49. Kc3 Kc5 50. Kb3 Kb5 51. Bc4+ Kxa5 52. Bxa6 Kxa6 53. Kc4 Kb6 54. Kd5 Kb5 55. Kxe5 Kc5 56. Kf5 Kd4 57. Kxg5 Kxe4 58. Kf6 d5 59. g5 d4 1/2-1/2

[Event "Cantabria-ch"]
[Site "Cantabria"]
[Date "2009.03.14"]
[Round "1"]
[White "Fernandez Gonzalez, Antonio"]
[Black "Velez Cousillas, Ana Isabel"]
[Result "1-0"]
[WhiteElo "2055"]
[BlackElo "1607"]
[PlyCount "63"]
[EventDate "2009.03.14"]
[EventType "swiss"]
[EventRounds "7"]
[EventCountry "ESP"]
[SourceTitle "EXT 2024"]
[Source "ChessBase"]
[SourceDate "2023.10.10"]
[SourceVersion "1"]
[SourceVersionDate "2023.10.10"]
[SourceQuality "1"]

1. c4 e5 2. Nc3 Nf6 3. g3 Be7 4. Bg2 0-0 5. e3 c6 6. d4 exd4 7. Qxd4 d6 8. Nf3 c5 9. Qd3 Bg4 10. 0-0 Nc6 11. b3 b6 12. Bb2 Qd7 13. Ng5 h6 14. Nge4 Bf5 15. Rfd1 Rfd8 16. Nd5 Nxe4 17. Bxe4 Bxe4 18. Qxe4 Re8 19. h4 Bd8 20. Qf3 Ne5 21. Bxe5 dxe5 22. Nf6+ Bxf6 23. Rxd7 e4 24. Qf4 Red8 25. Rad1 Re8 26. Rb7 Rf8 27. Rdd7 Kh7 28. Qxe4+ Kg8 29. Qd5 g6 30. Rxf7 Rxf7 31. Qxf7+ Kh8 32. Qh7# 1-0